| 000 | 01676cam a22003254a 4500 | ||
|---|---|---|---|
| 001 | 13249149 | ||
| 005 | 20100805113029.0 | ||
| 008 | 030623s2003 enka b 001 0 eng | ||
| 010 | _a 2003047256 | ||
| 020 | _a0521541441 (pbk.) | ||
| 040 |
_aDLC _cDLC _dDLC |
||
| 042 | _apcc | ||
| 050 | 0 | 0 |
_aTL709.3.T83 _bC85 2003 |
| 082 | 0 | 0 |
_a629.1343533 _221 _bCUM |
| 100 | 1 |
_aCumpsty, N. A. _929185 |
|
| 245 | 1 | 0 |
_aJet Propulsion : _ba Simple guide to the Aerodynamics and Thermodynamic Design and Performance of Jet Engines / _cNicholas Cumpsty. |
| 250 | _a2nd ed. | ||
| 260 |
_aCambridge, U.K. ; _aNew York, NY, USA : _bCambridge Univeristy Press, _c2003. |
||
| 300 |
_axv, 303 p. : _bill. ; _c25 cm. |
||
| 504 | _aIncludes bibliographical references (p. [297]-[300]) and index. | ||
| 650 | 0 |
_aAirplanes _xTurbojet engines. _929186 |
|
| 650 | 0 |
_aAirplanes _xJet propulsion. _929187 |
|
| 650 | 0 |
_aJet engines _xDesign and construction. _929188 |
|
| 653 |
_bCiv _bMec _cMarch2012 |
||
| 942 |
_2ddc _cBB |
||
| 999 |
_c16538 _d16538 |
||